ბათუმის შოთა რუსთაველის სახელმწიფო უნივერსიტეტის ბიბლიოთეკა

Литература в движении(русско-грузинские диалоги) (ბიბ.ჩანაწერი № 35268)

000 -LEADER
fixed length control field 00591nam a2200217Ia 4500
001 - CONTROL NUMBER
control field 1117
003 - CONTROL NUMBER IDENTIFIER
control field GE_BSU
008 - FIXED-LENGTH DATA ELEMENTS--GENERAL INFORMATION
fixed length control field 181216s||||||||xx |||||||||||||| ||und||
020 ## - INTERNATIONAL STANDARD BOOK NUMBER
International Standard Book Number 9994013750
040 ## - CATALOGING SOURCE
Transcribing agency GE_BSU
080 ## - UNIVERSAL DECIMAL CLASSIFICATION NUMBER
Universal Decimal Classification number 821.161.1.09
100 ## - MAIN ENTRY--PERSONAL NAME
Personal name Хихадзе Лина
245 ## - TITLE STATEMENT
Title Литература в движении(русско-грузинские диалоги)
260 ## - PUBLICATION, DISTRIBUTION, ETC.
Place of publication, distribution, etc. Тбилиси
260 ## - PUBLICATION, DISTRIBUTION, ETC.
Name of publisher, distributor, etc. Тбилисский ун-т
260 ## - PUBLICATION, DISTRIBUTION, ETC.
Date of publication, distribution, etc. 2003
300 ## - PHYSICAL DESCRIPTION
Extent 130стр.
653 ## - INDEX TERM--UNCONTROLLED
Uncontrolled term Литература в движении
942 ## - ADDED ENTRY ELEMENTS (KOHA)
Koha item type წიგნი
ეგზემპლარები
Withdrawn status Lost status Damaged status Not for loan Date acquired Barcode Date last seen Price effective from Koha item type
        2018-12-17 1704 2018-12-17 2018-12-17 წიგნი